The noble scholar, jurist, historian


 His Excellency Dr. Abdul Wahhab bin Ibrahim Abu Sulaiman, may Allah have mercy on him.


 He was born in Umm Al-Qura in the year 1356 AH.

الفوائد المنتخبة : (Record no. 1572)

MARC details
000 -LEADER
fixed length control field 01356cam a2200277 i 4500
003 - CONTROL NUMBER IDENTIFIER
control field SA-RiAUC
005 - DATE AND TIME OF LATEST TRANSACTION
control field 20241022065729.0
008 - FIXED-LENGTH DATA ELEMENTS--GENERAL INFORMATION
fixed length control field 241022s2002 ||| g 000 0 ara c
040 ## - CATALOGING SOURCE
Original cataloging agency SA-JeALM
Language of cataloging ara
Transcribing agency SA-RiAUC
Description conventions rda
082 04 - DEWEY DECIMAL CLASSIFICATION NUMBER
Classification number 237.6
090 ## - LOCALLY ASSIGNED LC-TYPE CALL NUMBER (OCLC); LOCAL CALL NUMBER (RLIN)
Classification number (OCLC) (R) ; Classification number, CALL (RLIN) (NR) 237.6
Local cutter number (OCLC) ; Book number/undivided call number, CALL (RLIN) خ ط ي
100 1# - MAIN ENTRY--PERSONAL NAME
Personal name الخطيب البغدادي، أحمد بن علي بن ثابت،
Dates associated with a name 392-463 هجري
Relator term مؤلف.
245 12 - TITLE STATEMENT
Title الفوائد المنتخبة :
Remainder of title الصحاح والغرائب /
Statement of responsibility, etc. تأليف أبي بكر أحمد بن علي بن ثابت الخطيب البغدادي ؛ تحقيق سعود بن عيد بن عمير الجربوعي.
264 #1 - PRODUCTION, PUBLICATION, DISTRIBUTION, MANUFACTURE, AND COPYRIGHT NOTICE
Place of production, publication, distribution, manufacture المدينة المنورة :
Name of producer, publisher, distributor, manufacturer الجامعة الاسلامية،
Date of production, publication, distribution, manufacture, or copyright notice 2002
300 ## - PHYSICAL DESCRIPTION
Extent 3 مجلد
336 ## - CONTENT TYPE
Content type term نص
Content type code txt
Source rdacontent
Materials specified كتاب
337 ## - MEDIA TYPE
Media type term بدون وسيط
Media type code n
Source rdamedia
338 ## - CARRIER TYPE
Carrier type term مجلد
Carrier type code nc
Source rdacarrier
500 ## - GENERAL NOTE
General note تعرف هذه الفوائد بالمهروانيات.
650 #7 - SUBJECT ADDED ENTRY--TOPICAL TERM
Topical term or geographic name entry element الحديث
General subdivision مستخرجات
Source of heading or term aucsh
700 1# - ADDED ENTRY--PERSONAL NAME
Personal name الجربوعي، سعيد بن عيد بن عمير
Relator term محقق.
700 12 - ADDED ENTRY--PERSONAL NAME
Personal name المهرواني، يوسف بن محمد بن أحمد،
Dates associated with a name 380-468 هجري.
Title of a work الفوائد المنتخبة : الصحاح والغرائب.
740 22 - ADDED ENTRY--UNCONTROLLED RELATED/ANALYTICAL TITLE
Uncontrolled related/analytical title المهروانيات.
942 ## - ADDED ENTRY ELEMENTS (KOHA)
Source of classification or shelving scheme Dewey Decimal Classification
Koha item type Books
Suppress in OPAC No
949 ## - LOCAL PROCESSING INFORMATION (OCLC)
a SA-JeALM
d 241022
u mohamedma123
n 1
Holdings
Withdrawn status Lost status Source of classification or shelving scheme Damaged status Not for loan Home library Current library Date acquired Total checkouts Full call number Barcode Date last seen Price effective from Koha item type Materials specified (bound volume or other part)
    Dewey Decimal Classification     DR AbdElwahab Library DR AbdElwahab Library 10/22/2024   237.6 خ ط ي 000002264 10/22/2024 10/22/2024 Books  
    Dewey Decimal Classification     DR AbdElwahab Library DR AbdElwahab Library 01/05/2025   237.6 خ ط ي 000007005 01/05/2025 01/05/2025 Books الجزء الثاني
    Dewey Decimal Classification     DR AbdElwahab Library DR AbdElwahab Library 01/05/2025   237.6 خ ط ي 000007006 01/05/2025 01/05/2025 Books الجزء الثالث